[Event "SB-2021-0-00608"]
[Site "LSS email"]
[Date "2021.01.22"]
[Round "?"]
[White "Herzog, Mathias"]
[Black "Tarmak, Mart"]
[Result "1-0"]
[WhiteElo "1805"]
[BlackElo "1825"]
[PlyCount "67"]
[EventDate "2020.11.28"]
[EventType "tourn (corr)"]
[EventRounds "6"]
[EventCountry "GER"]
[SourceTitle "Corr 2024"]
[Source "ChessBase"]
[SourceDate "2023.10.19"]
[SourceVersion "1"]
[SourceVersionDate "2023.10.19"]
[SourceQuality "1"]

1. e4 d6 2. Nf3 Nf6 3. Nc3 g6 4. d4 Bg7 5. Be2 0-0 6. 0-0 a6 7. Re1 Nc6 8. d5 Na7 9. a4 e5 10. a5 Bd7 11. h3 Nb5 12. Bf1 c6 13. Nb1 Nd4 14. c3 Nxf3+ 15. Qxf3 cxd5 16. exd5 Re8 17. c4 b5 18. axb6 Qxb6 19. Ra2 a5 20. Nc3 Reb8 21. Be3 Qb3 22. Rea1 Ne8 23. Nb5 a4 24. Bd2 Qxf3 25. gxf3 Bxb5 26. cxb5 Nc7 27. Rxa4 Rxa4 28. Rxa4 Nxd5 29. Ra6 Bf8 30. Ba5 h6 31. Rc6 Kg7 32. Bc4 Be7 33. b4 Nc3 34. Rc7 1-0

[Event "SB-2021-0-00608"]
[Site "LSS email"]
[Date "2021.01.22"]
[Round "?"]
[White "Kraujunas, Vladas"]
[Black "Tarmak, Mart"]
[Result "1-0"]
[WhiteElo "1841"]
[BlackElo "1825"]
[PlyCount "69"]
[EventDate "2020.11.28"]
[EventType "tourn (corr)"]
[EventRounds "6"]
[EventCountry "GER"]
[SourceTitle "Corr 2024"]
[Source "ChessBase"]
[SourceDate "2023.10.19"]
[SourceVersion "1"]
[SourceVersionDate "2023.10.19"]
[SourceQuality "1"]

1. e4 d6 2. d4 Nf6 3. Nc3 g6 4. f4 Bg7 5. Nf3 0-0 6. Bd3 Nc6 7. 0-0 e5 8. fxe5 dxe5 9. d5 Nd4 10. Nxe5 Nxe4 11. Bxe4 Bxe5 12. Bf4 Bg7 13. Qd2 Re8 14. Rae1 Bf5 15. Bxf5 Rxe1 16. Rxe1 Nxf5 17. h3 Rc8 18. Ne4 Nd6 19. c3 Nxe4 20. Rxe4 Qd7 21. c4 b6 22. b4 Bf8 23. b5 h5 24. Qe2 Ra8 25. a4 Bc5+ 26. Kh1 Kh7 27. Bc1 a6 28. bxa6 Rxa6 29. Bb2 Ra8 30. Re5 Bf8 31. Qe4 f5 32. Qe1 Qf7 33. Re6 Rd8 34. Qc3 Bd6 35. a5 1-0

[Event "SB-2021-0-00608"]
[Site "LSS email"]
[Date "2021.01.22"]
[Round "?"]
[White "Tarmak, Mart"]
[Black "Krabbenbos, Jan"]
[Result "0-1"]
[WhiteElo "1825"]
[BlackElo "1978"]
[PlyCount "32"]
[EventDate "2020.11.28"]
[EventType "tourn (corr)"]
[EventRounds "6"]
[EventCountry "GER"]
[SourceTitle "Corr 2024"]
[Source "ChessBase"]
[SourceDate "2023.10.19"]
[SourceVersion "1"]
[SourceVersionDate "2023.10.19"]
[SourceQuality "1"]

1. e4 c6 2. g3 d5 3. Bg2 dxe4 4. Bxe4 Nf6 5. Bg2 e5 6. Nf3 e4 7. Qe2 Bc5 8. d4 Bb6 9. c3 0-0 10. Nfd2 Bg4 11. Qc4 Nbd7 12. 0-0 Re8 13. Re1 c5 14. Qa4 Rc8 15. Nc4 cxd4 16. Nxb6 Nc5 0-1

[Event "SB-2021-0-00607"]
[Site "LSS email"]
[Date "2021.01.12"]
[Round "?"]
[White "Herzog, Mathias"]
[Black "Tarmak, Mart"]
[Result "0-1"]
[WhiteElo "1805"]
[BlackElo "1828"]
[PlyCount "48"]
[EventDate "2020.11.14"]
[EventType "tourn (corr)"]
[EventRounds "6"]
[EventCountry "GER"]
[SourceTitle "Corr 2024"]
[Source "ChessBase"]
[SourceDate "2023.10.19"]
[SourceVersion "1"]
[SourceVersionDate "2023.10.19"]
[SourceQuality "1"]

1. e4 d6 2. d4 Nf6 3. Nc3 g6 4. f4 Bg7 5. Nf3 c5 6. dxc5 Qa5 7. Bd3 Qxc5 8. Qe2 0-0 9. Be3 Qa5 10. 0-0 Bg4 11. Kh1 Nc6 12. Qe1 Rac8 13. a3 Nd7 14. Nh4 Nc5 15. f5 Nxd3 16. cxd3 d5 17. b4 Qd8 18. Nxd5 e6 19. f6 Bh8 20. Bc5 exd5 21. Bxf8 Bxf6 22. Qf2 Bxa1 23. Qxf7+ Kh8 24. b5 Be2 0-1

[Event "SB-2021-0-00606"]
[Site "LSS email"]
[Date "2021.01.07"]
[Round "?"]
[White "Dworok, Mecislav"]
[Black "Tarmak, Mart"]
[Result "1-0"]
[WhiteElo "1813"]
[BlackElo "1839"]
[PlyCount "35"]
[EventDate "2020.11.07"]
[EventType "tourn (corr)"]
[EventRounds "6"]
[EventCountry "GER"]
[SourceTitle "Corr 2024"]
[Source "ChessBase"]
[SourceDate "2023.10.19"]
[SourceVersion "1"]
[SourceVersionDate "2023.10.19"]
[SourceQuality "1"]

1. e4 d6 2. d4 Nf6 3. Nc3 g6 4. Be3 c6 5. h3 Nbd7 6. Nf3 e5 7. Bc4 Bg7 8. dxe5 dxe5 9. Qd6 Qe7 10. Qxe7+ Kxe7 11. a4 b6 12. 0-0-0 a6 13. a5 b5 14. Ba2 Rf8 15. Rd3 h6 16. Rhd1 Bb7 17. g4 Rab8 18. Rd6 1-0

[Event "SB-2021-0-00606"]
[Site "LSS email"]
[Date "2021.01.07"]
[Round "?"]
[White "Herzog, Mathias"]
[Black "Tarmak, Mart"]
[Result "1-0"]
[WhiteElo "1801"]
[BlackElo "1839"]
[PlyCount "67"]
[EventDate "2020.11.07"]
[EventType "tourn (corr)"]
[EventRounds "6"]
[EventCountry "GER"]
[SourceTitle "Corr 2024"]
[Source "ChessBase"]
[SourceDate "2023.10.19"]
[SourceVersion "1"]
[SourceVersionDate "2023.10.19"]
[SourceQuality "1"]

1. d4 d6 2. e4 Nf6 3. Nc3 g6 4. Nf3 Bg7 5. Be2 0-0 6. h3 Nc6 7. d5 Nb8 8. Be3 e5 9. g4 c6 10. g5 Nh5 11. Qd2 c5 12. h4 a6 13. Nh2 f5 14. gxf6 Nxf6 15. a4 Nbd7 16. Rg1 Rf7 17. Qd1 Qb6 18. h5 Nf8 19. Ra3 Qd8 20. a5 Rb8 21. h6 Bh8 22. Qa1 Ne8 23. Nf3 Bf6 24. Ng5 Bxg5 25. Bxg5 Qc7 26. Nb1 Nd7 27. Nd2 Ndf6 28. Rf1 Bg4 29. f3 Bh5 30. Kd1 Qc8 31. Rh1 Nc7 32. c4 b5 33. axb6 Rxb6 34. Kc2 1-0

[Event "SB-2021-0-00606"]
[Site "LSS email"]
[Date "2021.01.07"]
[Round "?"]
[White "Tarmak, Mart"]
[Black "Malmstrom, Jan"]
[Result "0-1"]
[WhiteElo "1839"]
[BlackElo "1820"]
[PlyCount "82"]
[EventDate "2020.11.07"]
[EventType "tourn (corr)"]
[EventRounds "6"]
[EventCountry "GER"]
[SourceTitle "Corr 2024"]
[Source "ChessBase"]
[SourceDate "2023.10.19"]
[SourceVersion "1"]
[SourceVersionDate "2023.10.19"]
[SourceQuality "1"]

1. e4 c5 2. Nf3 d6 3. d4 cxd4 4. Nxd4 Nf6 5. Nc3 Nc6 6. Bg5 e6 7. Qd2 a6 8. 0-0-0 Bd7 9. f3 b5 10. Kb1 Be7 11. h4 Qc7 12. Nxc6 Bxc6 13. Ne2 h6 14. Be3 Bb7 15. Nd4 Nd7 16. g4 Ne5 17. Be2 Rc8 18. Bf4 Ng6 19. Bg3 0-0 20. g5 h5 21. Rhe1 Rfd8 22. c3 Bf8 23. Bd3 e5 24. Nc2 d5 25. Qe2 Bc5 26. exd5 Bxd5 27. Bxg6 fxg6 28. a3 Qf7 29. Qxe5 Qxf3 30. Nd4 Bxd4 31. Rxd4 Bb3 32. Qf4 Qg2 33. Qf2 Qh3 34. Be5 Rxd4 35. Qxd4 Rf8 36. Qe4 Kh7 37. Ka1 Rf7 38. Bd4 a5 39. Bb6 a4 40. Bd4 Qg3 41. Rh1 Bc4 0-1

[Event "SB-2021-0-00606"]
[Site "LSS email"]
[Date "2021.01.07"]
[Round "?"]
[White "Tarmak, Mart"]
[Black "Ruano Casanova, Enrique"]
[Result "0-1"]
[WhiteElo "1839"]
[BlackElo "1848"]
[PlyCount "70"]
[EventDate "2020.11.07"]
[EventType "tourn (corr)"]
[EventRounds "6"]
[EventCountry "GER"]
[SourceTitle "Corr 2024"]
[Source "ChessBase"]
[SourceDate "2023.10.19"]
[SourceVersion "1"]
[SourceVersionDate "2023.10.19"]
[SourceQuality "1"]

1. e4 c5 2. Nf3 d6 3. d4 cxd4 4. Nxd4 Nf6 5. Nc3 a6 6. Be3 e5 7. Nb3 Be6 8. f3 h5 9. Nd5 Bxd5 10. exd5 Nbd7 11. Qd2 g6 12. Be2 Bg7 13. 0-0 b6 14. c4 0-0 15. Rac1 Re8 16. h3 a5 17. Qe1 Qe7 18. Rb1 Nc5 19. Nxc5 bxc5 20. Bg5 Qf8 21. Qh4 Nh7 22. Bd2 Bh6 23. Bc3 Be3+ 24. Kh1 Qh6 25. Bd1 Bg5 26. Qe1 h4 27. Ba4 Rf8 28. Qe2 Nf6 29. Be1 Nh5 30. Qd3 Ng3+ 31. Bxg3 hxg3 32. Rbe1 f5 33. Re2 Rf7 34. Bc6 Raf8 35. Qd1 Bf4 0-1

[Event "SC-2020-0-00390"]
[Site "LSS email"]
[Date "2020.05.22"]
[Round "?"]
[White "Tarmak, Mart"]
[Black "Lipsits, Sasha"]
[Result "0-1"]
[WhiteElo "1776"]
[BlackElo "1793"]
[PlyCount "50"]
[EventDate "2020.02.24"]
[EventType "tourn (corr)"]
[EventRounds "6"]
[EventCountry "GER"]
[SourceTitle "Corr 2022"]
[Source "ChessBase"]
[SourceDate "2021.10.24"]
[SourceVersion "1"]
[SourceVersionDate "2021.10.24"]
[SourceQuality "1"]

1. e4 e5 2. f4 exf4 3. Nf3 g5 4. h4 g4 5. Ne5 Nf6 6. Bc4 d5 7. exd5 Bg7 8. d4 Nh5 9. Nc3 0-0 10. Ne2 Nd7 11. Nxf7 Rxf7 12. d6 Qf6 13. 0-0 f3 14. gxf3 g3 15. Kg2 Nf8 16. Bxf7+ Kxf7 17. dxc7 Ng6 18. Bg5 Qd6 19. c3 Be6 20. Kg1 h6 21. Be3 Qe7 22. d5 Bd7 23. Qd2 Qxh4 24. Nd4 Bxd4 25. cxd4 Ngf4 0-1

[Event "SC-2020-0-00390"]
[Site "LSS email"]
[Date "2020.05.02"]
[Round "?"]
[White "Martins, Karin"]
[Black "Tarmak, Mart"]
[Result "1/2-1/2"]
[WhiteElo "1682"]
[BlackElo "1776"]
[PlyCount "51"]
[EventDate "2020.02.24"]
[EventType "tourn (corr)"]
[EventRounds "6"]
[EventCountry "GER"]
[SourceTitle "Corr 2022"]
[Source "ChessBase"]
[SourceDate "2021.10.24"]
[SourceVersion "1"]
[SourceVersionDate "2021.10.24"]
[SourceQuality "1"]

1. e4 g6 2. d4 d6 3. Bc4 Bg7 4. c3 e6 5. Qf3 Nf6 6. Bg5 h6 7. Bxf6 Qxf6 8. Qxf6 Bxf6 9. f4 Nd7 10. Nd2 Nb6 11. Bb3 a5 12. a4 Bd7 13. Ne2 0-0 14. 0-0 Kg7 15. Rfe1 e5 16. g3 Rfe8 17. Rf1 Re7 18. Rf2 Rf8 19. h4 Bg4 20. Kg2 c6 21. Rh1 Rd8 22. fxe5 dxe5 23. Rhf1 Bxe2 24. Rxe2 exd4 25. e5 Rxe5 26. Rxe5 1/2-1/2

[Event "RC-2019-0-00237"]
[Site "LSS email"]
[Date "2019.12.13"]
[Round "?"]
[White "Kraujunas, Vladas"]
[Black "Tarmak, Mart"]
[Result "1/2-1/2"]
[WhiteElo "1848"]
[BlackElo "1907"]
[PlyCount "50"]
[EventDate "2019.09.02"]
[EventType "tourn (corr)"]
[EventRounds "6"]
[EventCountry "GER"]
[SourceTitle "Corr 2022"]
[Source "ChessBase"]
[SourceDate "2021.10.24"]
[SourceVersion "1"]
[SourceVersionDate "2021.10.24"]
[SourceQuality "1"]

1. e4 d6 2. d4 Nf6 3. Nc3 g6 4. f4 Bg7 5. Nf3 c5 6. Bb5+ Bd7 7. e5 Ng4 8. Bxd7+ Qxd7 9. d5 dxe5 10. h3 e4 11. Nxe4 Nf6 12. Nxf6+ Bxf6 13. 0-0 0-0 14. c4 e6 15. Ne5 Qd6 16. Be3 exd5 17. Qxd5 Qxd5 18. cxd5 Rd8 19. Rad1 Nd7 20. Nxd7 Rxd7 21. Bxc5 Bxb2 22. Rf2 Bg7 23. Re2 Bf8 24. d6 b6 25. Ba3 Rc8 1/2-1/2

[Event "RC-2019-0-00237"]
[Site "LSS email"]
[Date "2019.12.12"]
[Round "?"]
[White "Tarmak, Mart"]
[Black "Langheld, Werner"]
[Result "1/2-1/2"]
[WhiteElo "1907"]
[BlackElo "1882"]
[PlyCount "67"]
[EventDate "2019.09.02"]
[EventType "tourn (corr)"]
[EventRounds "6"]
[EventCountry "GER"]
[SourceTitle "Corr 2022"]
[Source "ChessBase"]
[SourceDate "2021.10.24"]
[SourceVersion "1"]
[SourceVersionDate "2021.10.24"]
[SourceQuality "1"]

1. e4 e6 2. d4 d5 3. Nd2 dxe4 4. Nxe4 Bd7 5. Nf3 Bc6 6. Bd3 Nd7 7. Qe2 Ngf6 8. Nxf6+ Nxf6 9. Bb5 Qd5 10. Bxc6+ Qxc6 11. 0-0 Be7 12. Ne5 Qd5 13. Rd1 h6 14. Rd3 Qe4 15. Be3 0-0 16. c4 Bd6 17. f3 Qf5 18. g4 Qh7 19. Rad1 Rfd8 20. Bf2 c6 21. Rb3 Rab8 22. Bg3 Rdc8 23. a4 b6 24. a5 h5 25. axb6 axb6 26. g5 h4 27. gxf6 hxg3 28. hxg3 Bxe5 29. dxe5 Qg6 30. Kg2 gxf6 31. Rbd3 f5 32. Rd4 Kg7 33. Rh1 Rh8 34. Rdh4 1/2-1/2

[Event "SC-2019-0-00382"]
[Site "LSS email"]
[Date "2019.12.06"]
[Round "?"]
[White "Lipsits, Sasha"]
[Black "Tarmak, Mart"]
[Result "0-1"]
[WhiteElo "1740"]
[BlackElo "1907"]
[PlyCount "80"]
[EventDate "2019.09.16"]
[EventType "tourn (corr)"]
[EventRounds "6"]
[EventCountry "GER"]
[SourceTitle "Corr 2022"]
[Source "ChessBase"]
[SourceDate "2021.10.24"]
[SourceVersion "1"]
[SourceVersionDate "2021.10.24"]
[SourceQuality "1"]

1. e4 d6 2. d4 Nf6 3. Nc3 g6 4. f4 Bg7 5. Nf3 c5 6. Bb5+ Bd7 7. e5 Ng4 8. Bxd7+ Qxd7 9. h3 cxd4 10. Qxd4 Nc6 11. Qd3 Nh6 12. Be3 Nf5 13. 0-0-0 0-0-0 14. g4 Nxe3 15. Qxe3 Qc7 16. e6 Bxc3 17. Qxc3 f6 18. Kb1 Kb8 19. Qe3 h5 20. a3 Na5 21. Qd3 hxg4 22. hxg4 Nc4 23. a4 Rxh1 24. Rxh1 d5 25. b3 Nd6 26. Qxd5 Nf5 27. Qc4 Qxc4 28. bxc4 Ng7 29. Rh7 Rd1+ 30. Kb2 Nxe6 31. Rxe7 Nxf4 32. Kc3 Ra1 33. Kb4 Rd1 34. a5 Rd6 35. g5 fxg5 36. Nxg5 a6 37. Rf7 Ne2 38. Rf8+ Ka7 39. Ne4 Rd1 40. Rd8 Rxd8 0-1

[Event "SC-2019-0-00382"]
[Site "LSS email"]
[Date "2019.12.03"]
[Round "?"]
[White "Cleto, Dirceu Jr"]
[Black "Tarmak, Mart"]
[Result "1/2-1/2"]
[WhiteElo "1786"]
[BlackElo "1907"]
[PlyCount "59"]
[EventDate "2019.09.16"]
[EventType "tourn (corr)"]
[EventRounds "6"]
[EventCountry "GER"]
[SourceTitle "Corr 2022"]
[Source "ChessBase"]
[SourceDate "2021.10.24"]
[SourceVersion "1"]
[SourceVersionDate "2021.10.24"]
[SourceQuality "1"]

1. e4 d6 2. d4 Nf6 3. Nc3 g6 4. f4 Bg7 5. Nf3 0-0 6. Bd3 Nc6 7. e5 dxe5 8. fxe5 Nh5 9. Be2 Bg4 10. Be3 f6 11. exf6 exf6 12. d5 Qe7 13. Qd2 Ne5 14. 0-0-0 Rfe8 15. Nd4 Bxe2 16. Qxe2 f5 17. Ne6 Ng4 18. Bd2 c6 19. h3 Bxc3 20. Bxc3 Ngf6 21. Qe5 cxd5 22. Rhe1 Qf7 23. g4 fxg4 24. hxg4 Ng7 25. Ng5 Rxe5 26. Nxf7 Rxe1 27. Nh6+ Kf8 28. Rxe1 Nge8 29. Bd4 b5 30. b3 1/2-1/2

[Event "Puhajarve rap op 19th"]
[Site "Puhajarve"]
[Date "2018.11.24"]
[Round "28"]
[White "Tarmak, Mart"]
[Black "Leito, Priit"]
[Result "1-0"]
[WhiteElo "1959"]
[BlackElo "2333"]
[PlyCount "113"]
[EventDate "2018.11.23"]
[EventType "tourn (rapid)"]
[EventRounds "35"]
[EventCountry "EST"]
[SourceTitle "CBM 187 Extra"]
[Source "ChessBase"]
[SourceDate "2018.11.04"]
[SourceVersion "1"]
[SourceVersionDate "2018.11.04"]
[SourceQuality "1"]

1. e4 c5 2. Nf3 e6 3. c3 d5 4. exd5 exd5 5. d4 Bd6 6. Bb5+ Nc6 7. 0-0 Nge7 8. Be3 c4 9. h3 0-0 10. Nbd2 a6 11. Ba4 b5 12. Bc2 Bf5 13. a4 Qd7 14. Re1 h6 15. Nf1 b4 16. Bxf5 Nxf5 17. Bd2 bxc3 18. bxc3 Na5 19. Ne5 Qc7 20. Qg4 Qc8 21. Ng3 Nxg3 22. Qxg3 Kh8 23. Qf3 Bxe5 24. Rxe5 Nb3 25. Rd1 Qd7 26. Rxd5 Qc6 27. a5 Qg6 28. Qf5 Qxf5 29. Rxf5 f6 30. Be3 Rfd8 31. g4 Rd7 32. Rb1 Rad8 33. Rb2 Rd5 34. Rxd5 Rxd5 35. Ra2 Rxa5 36. Rxa5 Nxa5 37. Kf1 Kg8 38. Ke1 Kf7 39. Kd2 Ke6 40. Kc2 Kd5 41. f3 Nc6 42. Bf4 Ne7 43. Kb2 Kc6 44. Ka3 Kb5 45. Bd6 Nd5 46. Kb2 a5 47. Bf8 g5 48. Bxh6 a4 49. Bf8 Nf4 50. Be7 Nd5 51. Bd8 Kc6 52. Ba5 Kb5 53. Bd8 Kc6 54. Ka3 Nxc3 55. Bxf6 Ne2 56. Kxa4 Nxd4 57. Bxd4 1-0

[Event "CP-2017-P-00003"]
[Site "LSS email"]
[Date "2017.09.27"]
[Round "?"]
[White "Husemann, Andreas"]
[Black "Tarmak, Mart"]
[Result "1-0"]
[WhiteElo "2189"]
[BlackElo "2105"]
[PlyCount "139"]
[EventDate "2017.10.01"]
[EventType "tourn (corr)"]
[EventRounds "6"]
[EventCountry "GER"]
[SourceTitle "Corr 2022"]
[Source "ChessBase"]
[SourceDate "2021.10.24"]
[SourceVersion "1"]
[SourceVersionDate "2021.10.24"]
[SourceQuality "1"]

1. d4 d6 2. e4 Nf6 3. Nc3 g6 4. Nf3 Bg7 5. Be2 0-0 6. 0-0 c6 7. Re1 Qc7 8. Bf4 Nbd7 9. e5 Nh5 10. exd6 exd6 11. Bg5 Re8 12. Qd2 Nb6 13. h3 Be6 14. b3 a5 15. Bh6 Nf6 16. Bxg7 Kxg7 17. Bd3 Nbd5 18. Nd1 Nb4 19. Bf1 Bd5 20. Rxe8 Rxe8 21. Nh2 Ne4 22. Qe2 f5 23. c4 Bf7 24. a3 Na6 25. Qb2 Nb8 26. Nc3 Nf6 27. Nf3 Nbd7 28. Rb1 h6 29. Bd3 Qb8 30. Nd1 d5 31. c5 b6 32. b4 axb4 33. cxb6 Qxb6 34. axb4 Ne4 35. h4 Rb8 36. Ne3 Be6 37. g3 Qd8 38. Qc1 Rb6 39. Ng2 Qe7 40. Ra1 Ndf6 41. Ne5 Qxb4 42. Nf4 Bf7 43. Ra7 Rb7 44. Nxc6 Qb6 45. Ra8 Kh7 46. Ra6 Qc7 47. Qa3 g5 48. hxg5 hxg5 49. Nh3 Kg7 50. Ne5 Bh5 51. Kg2 Be8 52. Bxe4 Nxe4 53. Ra8 Qd6 54. Qxd6 Nxd6 55. Nxg5 Kf6 56. Nh3 Bf7 57. Ra6 Ke7 58. Nf4 Nb5 59. Nc6+ Ke8 60. Kh3 Nc7 61. Ra2 Kd7 62. Ne5+ Ke7 63. Kh4 Be6 64. Kg5 Rb6 65. Ra1 Kd6 66. Rh1 Rb8 67. Rc1 Rb6 68. Kf6 Ne8+ 69. Kg6 Nc7 70. Kg5 1-0